Nouveaux Contes des Collines

Zapisane w:
Opis bibliograficzny
1. autor: Kipling, Rudyard
Format: Książka
Język:Undetermined
Wydane: París, Francia Editorial Nelson [s.f.]
Hasła przedmiotowe:
Etykiety: Dodaj etykietę
Nie ma etykietki, Dołącz pierwszą etykiete!

MARC

LEADER 00000nam a2200000Ia 4500
008 170316s9999 xx 000 0 und d
040 |a cru BVZT 
090 |a 820 K-5n 
100 |a Kipling, Rudyard 
245 |a Nouveaux Contes des Collines 
260 |a París, Francia 
260 |b Editorial Nelson 
260 |c [s.f.] 
300 |a 286 páginas 
650 |a LITERATURA INGLESA 
999 |c 6973  |d 6973 
942 |c 15 D  |h 820 K-5n  |2 z